000 00409nam a22001697a 4500
003 MPLRDC
005 20220104114230.0
008 210129b ||||| |||| 00| 0 eng d
082 _a857.48 ZYF
100 _a张远芬
245 _a金瓶梅新证
_c
250 _a一版一刷
260 _a
_b齐鲁书社
_c1984
300 _b
650 _a话本小说及章回--金瓶梅
942 _cBK
_o857.48 ZYF
999 _c5866
_d5856